00492nam a2200193 a 4500001001300000003000900013005001700022008004100039020001000080082001400090100001900104245001700123260004200140300000900182500003500191505004000226650001300266700001900279nice12345678IN_TiNIC20260116013850.0050524s1993 zona grp 000 0 eng  ac73500a200bSHA2 aSharma, Arvind aOur Religion aZondervanbHarper San Franciscoc1993 a536p aincludes index and biblioraphy2 aSeries American Academy of Religion aReligion1 aSharma, Arvind